4-literowa geografia - Statystyki

Ogólne statystyki
  • Ten quiz został rozwiązany 480 razy
    469 od ostatniego zresetowania
  • Średni wynik to 10 z 20
Statystyki odpowiedzi
Wskazówka Odpowiedź % Poprawnych
Trzecie miasto w Polsce pod względem liczby ludności. Łódź
92%
Kraj w Ameryce Południowej. Peru
82%
Romulus i Remus założyli to miasto. Rzym
78%
Największe miasto w Korei Południowej. Seul
77%
Kraj na Półwyspie Arabskim. Oman
76%
Największe pasmo górskie w Ameryce Południowej. Andy
73%
Drugie co do wielkości miasto Czechy. Brno
70%
Kraj, którego sąsiadami są Libia, Sudan, Niger itp. Czad
68%
Kraj wcześniej znany jako Mezopotamia. Irak
67%
Stolicą RFN . Bonn
54%
Stolicą kraju jest Lome. Togo
48%
Rzeka w azjatyckiej części Rosji, 4. najdłuższa w Azji. Lena
41%
Trzecie co do wielkości miasto w Austrii. Linz
39%
Największe miasto na Grenlandii. Nuuk
35%
Jedno z wielkich jezior Ameryki Północnej. Erie
25%
Rzeka przepływająca przez (Sankt) Petersburg. Newa
24%
Duże miasto na Syberii, ósme co do wielkości miasto w Rosji. Omsk
23%
Chińskie miasto z „armią terakoty” Xi'an
15%
Tymczasowa stolica Jemenu. Aden
10%
łańcuch górski na granicy Francji i Szwajcarii. Jura
7%
Nie znaleziono quizów pasujących do podanych kryteriów
Rozkład punktacji
Procent ludzi z każdym wynikiem
Percentyl według liczby udzielonych odpowiedzi
Twoja historia wyników
Nie rozwiązałeś tego quizu od ostatniego zresetowania